Our Asian neighborhood: (Record no. 4301)

MARC details
000 -LEADER
fixed length control field 00513nam a2200145 4500
008 - FIXED-LENGTH DATA ELEMENTS--GENERAL INFORMATION
fixed length control field 231207b1996 |||||||| |||| 00| 0 eng d
082 ## - DEWEY DECIMAL CLASSIFICATION NUMBER
Classification number 291.178
Item number ASI
942 ## - ADDED ENTRY ELEMENTS (KOHA)
Item Type Reports
110 ## - MAIN ENTRY--CORPORATE NAME
Corporate Name Asian Conference on Religion and Peace
245 ## - TITLE STATEMENT
Title Our Asian neighborhood:
Sub Title the fifth assembly of the Asian conference on religion and peace
Number of Part ACRP V
260 ## - PUBLICATION, DISTRIBUTION, ETC. (IMPRINT)
Place of Publication [Ayutthaya]:
Name of Publisher [The conference],
Date of Copyright 1996
300 ## - PHYSICAL DESCRIPTION
Extent ix, 294 p. : ill. ; 21 cm
650 ## - SUBJECT ADDED ENTRY--TOPICAL TERM
Topical Term Asia-Social conditions- Congresses
650 ## - SUBJECT ADDED ENTRY--TOPICAL TERM
Topical Term Peace- Religious aspects
Holdings
Withdrawn status Lost status Source of classification or shelving scheme Damaged status Not for loan Permanent location Current location Date acquired Total Checkouts Full call number Barcode Date last seen Price effective from Koha item type
    Dewey Decimal Classification     Resource center, Muslim Women's Research And Action Forum Resource center, Muslim Women's Research And Action Forum 2023-12-07   291.178 ASI RAF3322 2023-12-07 2023-12-07 Reports

Copyright © 2023 Muslim Women's Research and Action Forum (MWRAF), No 27/3, Anderson Road, Kalubowila, Dehiwela. Funded by The Asia Fundation